000 00311nam a22001457a 4500
008 210303b ||||| |||| 00| 0 eng d
020 _a2901133693221
041 _aeng
080 _a004
082 _a004
100 _a28
101 _aSHKI
245 _aAdope Photoshop CS6
_cReding, E.E
942 _2udc
_cBK
999 _c55697
_d55697